Italian Language Body Organs - Statistics

General Stats
  • This quiz has been taken 13 times
  • The average score is 19 of 21
Answer Stats
Hint Answer % Correct
abdomen addome
100%
appendix appendice
100%
brain cervello
100%
body corporate
100%
heart cuore
100%
diaphragm deaframma
100%
liver fegato
100%
intestines intestini
100%
muscle muscolo
100%
nerve nervo
100%
organ organo
100%
bone osso
100%
skin pelle
100%
blood sangue
100%
skeleton scheletro
100%
lung polmone
83%
rib costola
67%
kindney rene
67%
breast seno
67%
bladder vescica
67%
joint articolazione
50%
No matching quizzes found
Score Distribution
Percent of People with Each Score
Percentile by Number Answered
Your Score History
You have not taken this quiz